| 000 | 00850nam a2200241 a 4500 | ||
|---|---|---|---|
| 001 | BRCA_6494 | ||
| 005 | 20190320205459.0 | ||
| 008 | 260911s1921----gw-#######---#000-0#eng-# | ||
| 041 | _aeng | ||
| 044 | _agw | ||
| 050 | 4 |
_aPZ3 _b.B75 11 1921 |
|
| 100 | 1 |
_aJerome, Jerome K. _d1859-1927 _q(Jerome Klapka) _916232 |
|
| 245 | 1 | 0 |
_aAll roads lead to calvary _cby Jerome K. Jerome. |
| 260 |
_aLeipzig, Alemania _bBernhard Tauchnitz _c1921 |
||
| 300 |
_a311 p. _c17 cm. |
||
| 440 | 0 |
_aCollection of British authors. Tauchnitz edition _vv. 4546 _916233 |
|
| 500 | _aEn la cubierta: Collection of British and American authors | ||
| 500 | _aVer tambiƩn CEF6, H144, L2, L15, L16, L17, L18, L19, L20, L22, L23, L25, L26, L27, L32, L166, N9, N11, N12, N13 y N17 | ||
| 500 | _aL24 | ||
| 650 | 1 | 4 |
_aLiteratura inglesa _916234 |
| 902 | _aGFM | ||
| 942 |
_2lcc _cB |
||
| 999 |
_c6178 _d6178 |
||